[Event "AUTO-ADV-277"]
[Site "http://www.queenalice.com/game.php?id=183757"]
[Date "2007.3.17"]
[Round "2"]
[White "ak_9105"]
[Black "wardo"]
[Result "0-1"]
[WhiteElo "1916"]
[BlackElo "1848"]

1. e4 e6 2. d4 d5 3. Nc3 Bb4 4. Bd3 c5 5. exd5 exd5 6. Nf3 Ne7 7. O-O c4 8. Be2
O-O 9. Bg5 Re8 10. Re1 Be6 11. a3 Bd6 12. Nb5 Nbc6 0-1

[Event "AUTO-ADV-277"]
[Site "http://www.queenalice.com/game.php?id=183758"]
[Date "2007.3.17"]
[Round "2"]
[White "wardo"]
[Black "ak_9105"]
[Result "1-0"]
[WhiteElo "1828"]
[BlackElo "1936"]

1. d4 d5 2. e3 Nc6 3. f4 Nf6 4. Bd3 Bg4 5. Nf3 e6 6. Nbd2 Bd6 7. O-O O-O 8. c3
Ne7 9. Qe1 c5 10. Ne5 Bf5 11. Bxf5 exf5 12. Ndf3 Ne4 13. Nd3 Rc8 14. Bd2 1-0

[Event "AUTO-ADV-277"]
[Site "http://www.queenalice.com/game.php?id=183765"]
[Date "2007.3.17"]
[Round "2"]
[White "wardo"]
[Black "Marius007"]
[Result "0-1"]
[WhiteElo "1827"]
[BlackElo "1878"]

1. d4 Nf6 2. e3 c5 3. c3 e6 4. Bd3 d5 5. Nd2 Be7 6. f4 O-O 7. Ngf3 b6 8. O-O Ba6
9. c4 Nc6 10. Qa4 Nb4 11. Be2 dxc4 12. Bxc4 b5 13. Bxb5 Bxb5 14. Qxb5 Nc2 15.
Rb1 Nxe3 16. Re1 Nc2 17. Rf1 Nxd4 18. Nxd4 Qxd4+ 19. Kh1 Nd5 20. Nf3 Qe4 21. Nd2
Qf5 22. Rf3 Rfb8 23. Qf1 Rb4 24. g3 Rd4 25. Qf2 Rxd2 26. Qxd2 Qxb1 0-1

[Event "AUTO-ADV-277"]
[Site "http://www.queenalice.com/game.php?id=183766"]
[Date "2007.3.17"]
[Round "2"]
[White "Marius007"]
[Black "wardo"]
[Result "1-0"]
[WhiteElo "1892"]
[BlackElo "1796"]

1. d4 d5 2. c4 e6 3. Nf3 Ne7 4. Nc3 Ng6 5. e3 Bb4 6. Qc2 c5 7. cxd5 exd5 8. dxc5
Bxc5 9. Be2 O-O 10. O-O Re8 11. Rd1 Be6 12. Nxd5 Bb6 13. Nxb6 Qxb6 14. b3 Nc6
15. Ba3 Rac8 16. Qc5 Qc7 17. Ng5 Qb8 18. Nxe6 Rxe6 19. Rac1 Ree8 20. Qd6 Qxd6
21. Rxd6 a6 22. Bxa6 bxa6 23. Rdxc6 Rxc6 24. Rxc6 Nf4 25. Bd6 1-0

[Event "AUTO-OPEN-630"]
[Site "http://www.queenalice.com/game.php?id=199405"]
[Date "2007.4.19"]
[Round "1"]
[White "tupifc"]
[Black "wardo"]
[Result "0-1"]
[WhiteElo "1775"]
[BlackElo "1869"]

1. e4 e6 2. Nf3 d5 3. exd5 exd5 4. d4 Bd6 5. Nc3 Ne7 6. Bg5 O-O 7. Nxd5 Re8 8.
Nxe7+ Bxe7 9. Bxe7 Rxe7+ 10. Be2 Bg4 11. O-O c6 12. Qd3 Nd7 13. Ng5 Nf6 14. Bxg4
h6 15. Nxf7 Kxf7 16. Qb3+ Kf8 17. Bf3 Qd7 18. c3 Rae8 19. a4 Nh7 20. Rad1 Ng5
21. Bh5 Rd8 22. f4 Nh7 23. Bg6 Nf6 24. f5 Nd5 25. Rde1 Nf6 26. g4 Nxg4 27. Bh7
Nf6 28. Bg6 Qc7 29. Qd1 a5 30. b3 c5 31. Rxe7 Qxe7 32. Re1 Qd7 33. Re6 cxd4 34.
cxd4 Qxd4+ 35. Qxd4 Rxd4 36. Rb6 Rb4 37. Rxb4 axb4 38. Kf2 Ke7 39. Ke3 Kd6 40.
Kd4 Nd5 41. Kc4 Kc6 42. Bf7 Ne3+ 43. Kxb4 Nxf5 44. Kc4 Nd6+ 45. Kd4 Nxf7 46. Kc3
h5 47. b4 h4 48. Kb3 h3 49. b5+ Kb6 50. Kb4 g5 51. a5+ Kc7 52. Kc5 b6+ 53. Kb4
bxa5+ 54. Kxa5 Kb7 55. Kb4 Ne5 56. Kc3 g4 57. Kd2 g3 58. hxg3 h2 59. Ke3 h1=Q
60. Kf4 Qh5 61. Ke4 Nf7 62. Kd4 Kb6 63. Kc4 Qd1 64. Kb4 Qc2 65. g4 Nd6 66. Ka3
Kxb5 67. g5 Nc4# 0-1

[Event "AUTO-OPEN-630"]
[Site "http://www.queenalice.com/game.php?id=199406"]
[Date "2007.4.19"]
[Round "1"]
[White "wardo"]
[Black "tupifc"]
[Result "1-0"]
[WhiteElo "1800"]
[BlackElo "1761"]

1. d4 e6 2. e3 c5 3. c3 Nc6 4. f4 f5 5. Nf3 Nf6 6. Bd3 cxd4 7. exd4 Be7 8. O-O
O-O 9. Nbd2 Ng4 10. Qe2 d5 11. Ne5 Ncxe5 12. fxe5 Bg5 13. Nf3 f4 14. Nxg5 Qxg5
15. Rf3 Ne3 16. Bxe3 fxe3 17. Bxh7+ Kxh7 18. Rxf8 b6 19. Raf1 Bb7 20. Rxa8 Bxa8
21. Rf8 Bc6 22. Qd3+ Qg6 23. Rh8+ Kxh8 24. Qxg6 Bb5 25. Qxe6 e2 26. Kf2 Bd3 27.
Qh3+ Kg8 28. Qxd3 1-0

[Event "AUTO-OPEN-630"]
[Site "http://www.queenalice.com/game.php?id=199443"]
[Date "2007.4.19"]
[Round "1"]
[White "R_Mutt"]
[Black "wardo"]
[Result "1-0"]
[WhiteElo "2125"]
[BlackElo "1877"]

1. e4 e6 2. d4 d5 3. Nc3 Bb4 4. e5 c5 5. dxc5 Bxc5 6. Qg4 g6 7. Nf3 Ne7 8. Bg5
Qb6 9. Na4 Qa5+ 10. Bd2 Qc7 11. Nxc5 Qxc5 12. Bd3 Nbc6 13. Qh4 Bd7 14. Qf6 Rf8
15. Ng5 h5 16. a4 a6 17. O-O Nd4 18. Be3 Ng8 19. Qf4 1-0

[Event "AUTO-OPEN-630"]
[Site "http://www.queenalice.com/game.php?id=199444"]
[Date "2007.4.19"]
[Round "1"]
[White "wardo"]
[Black "R_Mutt"]
[Result "0-1"]
[WhiteElo "1871"]
[BlackElo "2166"]

1. d4 d5 2. e3 Nf6 3. Bd3 c5 4. c3 Nc6 5. f4 Bg4 6. Nf3 e6 7. Nbd2 Bd6 8. O-O
Qc7 9. Qe1 c4 10. Bc2 Bxf3 11. Rxf3 h5 12. Qh4 Ng4 13. Nf1 f5 14. Ng3 Be7 15.
Qh3 O-O-O 16. Ne2 g5 17. Ba4 Nf2 18. Qg3 g4 19. Qxf2 gxf3 20. Qxf3 Rdg8 21. Kh1
Rg4 22. Ng1 Rhg8 0-1

[Event "Challenge"]
[Site "http://www.queenalice.com/game.php?id=201913"]
[Date "2007.4.24"]
[Round "-"]
[White "TinyDemons"]
[Black "wardo"]
[Result "1-0"]
[WhiteElo "1793"]
[BlackElo "1881"]

1. d4 d5 2. Nf3 e6 3. a3 c5 4. Nc3 Nc6 5. e3 Bd6 6. Bb5 Bd7 7. dxc5 Bxc5 8. O-O
Nge7 9. Ne2 a6 10. Bd3 O-O 11. e4 Re8 12. Bg5 f6 13. Bh4 Ng6 14. exd5 exd5 15.
Bxg6 hxg6 16. Bg3 Bg4 17. Nf4 d4 18. Nxg6 Qd7 19. Nf4 Ne5 20. Nd3 Nxf3+ 21. gxf3
Bh3 22. Nxc5 Qd5 23. Nd3 Bxf1 24. Kxf1 Re7 25. Nf4 Qb5+ 26. Nd3 Rae8 27. Bf4 Kf7
28. a4 Qc6 29. Bd2 Qc7 30. Bf4 Qd7 31. Nc5 Qh3+ 32. Kg1 Rd8 33. Qd3 Qc8 34. Ne4
Kg8 35. Re1 Qd7 36. Rd1 Qxa4 37. Kh1 Qc6 38. Rg1 Rd5 39. Ng3 Qe6 40. Bd2 a5 41.
Re1 Qd6 42. Ne4 Qc6 43. Rg1 Kf7 44. Ng3 Qe6 45. Ne4 Rh5 46. Ng3 Rd5 47. Re1 Re5
48. Ne4 Rh5 49. Ng5+ fxg5 50. Rxe6 Rxe6 51. Qxd4 1-0

[Event "Challenge"]
[Site "http://www.queenalice.com/game.php?id=201914"]
[Date "2007.4.24"]
[Round "-"]
[White "wardo"]
[Black "TinyDemons"]
[Result "1-0"]
[WhiteElo "1814"]
[BlackElo "1774"]

1. d4 d5 2. e3 a6 3. Bd3 Nf6 4. Nd2 e6 5. f4 Nc6 6. c3 Bd6 7. Ngf3 Ng4 8. Qe2 f6
9. O-O Qe7 10. Re1 e5 11. fxe5 fxe5 12. e4 exd4 13. cxd4 dxe4 14. Bxe4 O-O 15.
Qc4+ Qf7 16. Bd5 1-0

[Event "Challenge"]
[Site "http://www.queenalice.com/game.php?id=204238"]
[Date "2007.4.30"]
[Round "-"]
[White "wardo"]
[Black "fernandosoares"]
[Result "1-0"]
[WhiteElo "1867"]
[BlackElo "1190"]

1. d4 e6 2. e3 Qh4 3. Nf3 Qd8 4. Bd3 Bb4+ 5. c3 Bd6 6. e4 a5 7. O-O b5 8. Bg5 f6
9. Bh4 b4 10. e5 Be7 11. Nbd2 g5 12. exf6 Bxf6 13. Nxg5 bxc3 14. Qh5+ Ke7 15.
Qf7+ Kd6 16. Nge4+ Kd5 17. Qh5+ Kxd4 18. bxc3+ Kxd3 19. Qb5+ Kc2 20. Qb1# 1-0